00513nam a2200193Ia 4500003000400000005001700004008004100021020001300062040000700075082001400082100001600096245004000112250000700152260004100159300002900200500001900229600002100248650005000269OSt20241007070631.0240925s9999 xx 000 0 und d a70531439 csd a004.6 REI aNeil , Reid 0a802-11 (Wi-Fi) Networking Handbook  aNA aNew Delhi:bTata McGraw Hillc,2003. axxxiv,973p.bNAfPirated aIncludes Index aComputer Science aComputer science, information & general works